Seis países más cercanos: Cuba - Estadísticas

Estadísticas generales
  • Esta prueba ha sido intentada 63 veces
  • La puntuación promedio es 5 de 6
Estadísticas de respuestas
km país % Correcto
85 Haití
89%
149 Estados Unidos
87%
146 Jamaica
77%
255 República Dominicana
77%
89 Bahamas
66%
197 México
62%
No se encontraron pruebas coincidentes
Distribución de puntuación
Porcentaje de gente con cada puntuación
Porcentaje por número respondido
Historial de tus puntuaciones
No has intentado esta prueba.